000 01219cam a22003257a 4500
003 CHAP
005 20220329134011.0
008 971013s1987 r 00010 d
010 _a13865
011 _a14837
035 _a18911
040 _cCHAP
082 _a338.972
_bI5 B.C.S.
110 _aInstituto Nacional de Estadística, Geografía e Informática. México
_959304
245 0 _aEstructura económica del estado de Baja California Sur
260 _aAguascalientes, Ags. :
_bINEGI,
_c1987
300 _a58 p.
_b: cuadros
590 _aBATCH-UPD
_b10
_c20130110
_lUCH01
_h1812
590 _aBATCH-UPD
_b10
_c20130410
_lUCH01
_h1147
590 _aBATCH-UPD
_b10
_c20130914
_lUCH01
_h0523
590 _aCONVERSION
_b10
_c20130109
_lUCH01
_h1309
650 1 4 _aBaja California Sur
_xCondiciones económicas.
_99498
650 1 4 _aBaja California Sur
_xEstadísticas.
_99503
650 1 4 _aIngresos
_xContabilidad
_xBaja California Sur.
_958372
650 1 4 _aProducto interno bruto
_xBaja California Sur.
_991873
901 _aBK
942 _cLIBRO
949 _a338.972 I5 B.C.S.
_bBC
_cINEGI
_d33724000122644
_eINEGI
_fc.2
_h71778
_i18911
_si
949 _a338.972 I5 B.C.S.
_bBC
_cINEGI
_d33724000122784
_eINEGI
_h71777
_i18911
_si
999 _c13865
_d13865